Jahan-e-raqs-o-naghma (Record no. 421000)

MARC details
000 -LEADER
fixed length control field 00692nam a2200229Ia 4500
003 - CONTROL NUMBER IDENTIFIER
control field OSt
005 - DATE AND TIME OF LATEST TRANSACTION
control field 20250908145830.0
008 - FIXED-LENGTH DATA ELEMENTS--GENERAL INFORMATION
fixed length control field 220923b |||||||| |||| 00| 0 urd d
020 ## - INTERNATIONAL STANDARD BOOK NUMBER
International Standard Book Number 18190348655 (hbk)
037 ## - SOURCE OF ACQUISITION
Terms of availability TB
040 ## - CATALOGING SOURCE
Original cataloging agency CRL
Transcribing agency CRL
Language of cataloging urd
041 ## - LANGUAGE CODE
Source of code urd
Language code of text/sound track or separate title urd
084 ## - COLON CLASSIFICATION NUMBER
Classification number O168,2N26x P7
Assigning agency CRL
100 ## - MAIN ENTRY--PERSONAL NAME
Personal name Rifat Sarosh
9 (RLIN) 172755
245 #0 - TITLE STATEMENT
Title Jahan-e-raqs-o-naghma
260 ## - PUBLICATION, DISTRIBUTION, ETC.
Place of publication, distribution, etc. Noida
Name of publisher, distributor, etc. Navrang Kitab Ghar India
Date of publication, distribution, etc. 2007
300 ## - PHYSICAL DESCRIPTION
Extent 544p.
Dimensions cm.
650 ## - SUBJECT ADDED ENTRY--TOPICAL TERM
Topical term or geographic name entry element URDU DRAMA
9 (RLIN) 820310
650 ## - SUBJECT ADDED ENTRY--TOPICAL TERM
Topical term or geographic name entry element URDU LITERATURE
9 (RLIN) 820311
942 ## - ADDED ENTRY ELEMENTS (KOHA)
Classification part O168,2N26x, P7
Koha item type Textbook
Source of classification or shelving scheme Colon Classification (CC)
Suppress in OPAC No
Holdings
Withdrawn status Lost status Damaged status Not for loan Home library Current library Date acquired Source of acquisition Cost, normal purchase price Total Checkouts Full call number Barcode Date last seen Cost, replacement price Price effective from Koha item type
        Arts Library Arts Library 2022-09-24 5534/3, 06/03/2009, Modern Publishing House 500.00   O168,2N26x P7 CL1448857 2022-09-24 500.00 2022-09-24 Textual
Copyright @ Delhi University Library System